000 00683nam a2200181 i 4500
001 124953
003 ES-MaACL
005 20230906192528.0
007 t|
008 070424s1924 sp ||||1| spa d
245 0 3 _aLa incorporación de los obreros del campo al Régimen obligatorio de Retiro obrero
_b: asamblea de Burgos (23 de junio de 1924).
260 _aMadrid :
_b[s.n.],
_c1924 (
_fSobrinos Sucesores de Minuesa de los Ríos)
300 _a70 p. ;
_c22 cm.
490 1 _aPublicaciones del Instituto Nacional de Previsión ;
_v135
830 0 _aPublicaciones del Instituto Nacional de Previsión ;
_v135
_9181151
852 _aES-MaACL
_jC-12647(9)
999 _c124953
_d124953